000 00557nam a2200181Ia 4500
003 IN-BaIIA
008 211028s9999 xx 000 0 eng d
020 _a978-0-547-31727-4
040 _cIIA Library
080 _a/ WEA
_bWEA
100 _aWeatherall, James Owen
_935981
245 4 _aThe Physics of wall street
_ba brief history of predicting the unpredictable
_cJames Owen Weatherall
260 _aNew York
_bHoughton Mifflin
_c2013
300 _axviii, 286p.
650 _aPhysics
_973
650 _aSecurities
_935982
942 _cBK
999 _c18814
_d18814